The making of a preacher ... (Record no. 5453)

MARC details
000 -LEADER
fixed length control field 01008cam a2200277I 4500
001 - CONTROL NUMBER
control field 22727
003 - CONTROL NUMBER IDENTIFIER
control field GBCCL
005 - DATE AND TIME OF LATEST TRANSACTION
control field 20241126110542.0
008 - FIXED-LENGTH DATA ELEMENTS--GENERAL INFORMATION
fixed length control field 761015s1946 pau 000 0 eng
010 ## -
-- 46020761
035 ## - SYSTEM CONTROL NUMBER
System control number (OCoLC)02505524
040 ## - CATALOGING SOURCE
Original cataloging agency DLC
Transcribing agency IAG
049 ## -
-- LBBK
050 0# -
-- BV4211
-- .M23 1946
082 ## - DEWEY DECIMAL CLASSIFICATION NUMBER
Classification number 253
Item number MAC
092 ## - LOCALLY ASSIGNED DEWEY CALL NUMBER (OCLC)
Classification number 253
Item number M178
100 1# - MAIN ENTRY--PERSONAL NAME
Personal name Macgregor, William Malcolm,
Dates associated with a name 1861-1944.
9 (RLIN) 9800
245 14 - TITLE STATEMENT
Title The making of a preacher ...
Statement of responsibility, etc. by W. M. Macgregor; with an appreciation by A. J. Gossip.
260 ## - PUBLICATION, DISTRIBUTION, ETC.
Place of publication, distribution, etc. Philadelphia,
Name of publisher, distributor, etc. The Westminster press
Date of publication, distribution, etc. [1946]
300 ## - PHYSICAL DESCRIPTION
Extent 96 p.
Dimensions 20 cm.
490 0# - SERIES STATEMENT
Series statement The Warrack lectures.
505 0# - FORMATTED CONTENTS NOTE
Formatted contents note An ideal of ministry.--The making of a preacher through knowledge of God.--The making of a preacher through the knowledge of man.--The enriching of a preacher through reading.--The theme and quality of the preaching which should ensue.
520 ## - SUMMARY, ETC.
Summary, etc. Lloyd M. Perry Collection.
650 #0 - SUBJECT ADDED ENTRY--TOPICAL TERM
Topical term or geographic name entry element Preaching.
9 (RLIN) 404
942 ## - ADDED ENTRY ELEMENTS (KOHA)
Source of classification or shelving scheme Dewey Decimal Classification
Koha item type Books
Holdings
Withdrawn status Lost status Source of classification or shelving scheme Damaged status Not for loan Home library Current Library Shelving location Date acquired Total checkouts Full call number Barcode Date last seen Copy number Price effective from Koha item type
    Dewey Decimal Classification     GRACE BIBLE COLLEGE GRACE BIBLE COLLEGE Ministry & Mission 2018-03-20   253 MAC 005128 2025-05-01 c.1 2018-03-20 Books
© Grace Bible College Library 2025